What ever happened to Eddy Crane? : a memoir and a ... Read More
Available copies
- 1 of 1 copy available at LARL/NWRL Consortium.
- 1 of 1 copy available at Lake Agassiz Regional Library. (Show preferred library)
Current holds
0 current holds with 1 total copy.
Show Only Available Copies
| Location | Call Number / Copy Notes | Barcode | Shelving Location | Status | Due Date |
|---|---|---|---|---|---|
| Crookston Public Library | 364.1523 CRA (Text) | 33500014414718 | New | Available | - |
Record details
- ISBN: 1335449396
- ISBN: 9781335449399
- Physical Description: viii, 296 pages ; 24 cm
- Publisher: Toronto, Ontario : Hanover Square Press, [2026]
- Copyright: ©2026
Content descriptions
| Summary, etc.: | "One night when Kate Crane was twelve, her father ... Read More |
Search for related items by subject
| Genre: | Biographies. Personal narratives. True crime stories. True crime stories. Memoirs. |
| LDR | 03694cam a2200745 i 4500 | ||
|---|---|---|---|
| 001 | 486358 | ||
| 003 | LARL_NWRL_CONSORTIUM | ||
| 005 | 20260610151408.0 | ||
| 008 | 250528s2026 onc e 000 0deng d | ||
| 007 | ta | ||
| 040 | . | ‡aYDX ‡beng ‡erda ‡erda ‡cYDX ‡dOCLCO ‡dOCLCQ ‡dHBP ‡dOCLCO ‡dGO4 ‡dOCLCO ‡dORX ‡dMLN ‡dCNCAR ‡dCLE ‡dOCLCO ‡dOCLCA ‡dIMD ‡dIG# ‡dHQD ‡dMDB ‡dCHILD ‡dEB$ | |
| 019 | . | ‡a1580957452 ‡a1586997935 | |
| 020 | . | ‡a1335449396 ‡q(hardback) | |
| 020 | . | ‡a9781335449399 ‡q(hardback) | |
| 035 | . | ‡a(OCoLC)1521164423 ‡z(OCoLC)1580957452 ‡z(OCoLC)1586997935 | |
| 041 | . | ‡aeng | |
| 043 | . | ‡an-us-md | |
| 082 | 0 | 4. | ‡a364.1523 ‡223 |
| 100 | 1 | . | ‡aCrane, Kate ‡c(Journalist), ‡eauthor. |
| 245 | 1 | 0. | ‡aWhat ever happened to Eddy Crane? : ‡ba memoir and a murder investigation / ‡cKate Crane. |
| 246 | 3 | . | ‡aWhatever happened to Eddy Crane? |
| 246 | 3 | 0. | ‡aMemoir and a murder investigation |
| 264 | 1. | ‡aToronto, Ontario : ‡bHanover Square Press, ‡c[2026] | |
| 264 | 4. | ‡c©2026 | |
| 300 | . | ‡aviii, 296 pages ; ‡c24 cm | |
| 334 | . | ‡asingle unit ‡bsi ‡2rdami | |
| 334 | . | ‡asingle unit ‡bmono ‡0http://id.loc.gov/vocabulary/issuance/mono.html | |
| 336 | . | ‡atext ‡btxt ‡2rdacontent ‡0http://id.loc.gov/vocabulary/contentTypes/txt.html | |
| 336 | . | ‡astill image ‡bsti ‡2rdacontent ‡0http://id.loc.gov/vocabulary/contentTypes/sti.html | |
| 336 | . | ‡acartographic image ‡bcri ‡2rdacontent | |
| 337 | . | ‡aunmediated ‡bn ‡2rdamedia ‡0http://id.loc.gov/vocabulary/mediaTypes/n.html | |
| 338 | . | ‡avolume ‡bnc ‡2rdacarrier ‡0http://id.loc.gov/vocabulary/carriers/nc.html | |
| 340 | . | ‡b24 cm | |
| 341 | . | ‡atextual ‡bTable of Contents navigation ‡2onix | |
| 341 | . | ‡atextual ‡btableOfContents ‡2sapdv | |
| 385 | . | ‡mAge group ‡nage ‡aAdults ‡2lcdgt | |
| 385 | . | ‡mAge group ‡nage ‡aOlder people ‡2lcdgt | |
| 385 | . | ‡be ‡aadult ‡2marctarget | |
| 385 | . | ‡bage ‡aAdults ‡2lcdgt | |
| 385 | . | ‡bage ‡aOlder people ‡2lcdgt | |
| 520 | . | ‡a"One night when Kate Crane was twelve, her father called to say he was on his way home from his trucking business. He never showed up. Kate and her family were left stunned, with no explanation or resolution on the horizon. Twenty years later, now a journalist in New York City, Kate reopens the investigation with Baltimore's Cold Case Unit, tracks down the retired detectives who'd worked Eddy's case, and chases leads with old friends through her hometown's dark alleys. Maybe she can find some answers--or at least a little solace. Part memoir, part true crime, part psychological suspense, What Ever Happened to Eddy Crane? is a brilliantly written, emotionally resonant story of searing loss and resilience, of Baltimore, of family ghosts, and the bravery required to confront the past."--Amazon. | |
| 600 | 1 | 0. | ‡aCrane, Kate ‡c(Journalist) |
| 600 | 1 | 0. | ‡aCrane, Eddy. |
| 650 | 0. | ‡aFathers and daughters. ‡0(LARL_NWRL_CONSORTIUM)20043 | |
| 650 | 0. | ‡aMissing persons ‡xInvestigation ‡zMaryland ‡zBaltimore. | |
| 650 | 0. | ‡aCold cases (Criminal investigation) ‡0(LARL_NWRL_CONSORTIUM)162067 | |
| 651 | 0. | ‡aBaltimore (Md.) ‡vBiography. ‡0(LARL_NWRL_CONSORTIUM)163627 | |
| 650 | 0. | ‡aMissing persons ‡xInvestigation. ‡0(LARL_NWRL_CONSORTIUM)35667 | |
| 655 | 0. | ‡aBiographies. | |
| 655 | 0. | ‡aPersonal narratives. | |
| 655 | 0. | ‡aTrue crime stories. | |
| 655 | 7. | ‡aTrue crime stories. ‡2lcgft | |
| 655 | 7. | ‡aMemoirs. ‡2lcgft | |
| 936 | . | ‡aBATCHLOAD | |
| 901 | . | ‡a486358 ‡bOCoLC ‡c486358 ‡tbiblio ‡sIngram On-Order | |

Add to basket
Permalink
Disable Highlighting